[Event "RUS-ch Blitz Women 2018"]
[Site "Sochi"]
[Date "2018.10.07"]
[Round "4"]
[White "Dordzhieva, Dinara"]
[Black "Vinokur, Yuliya"]
[Result "0-1"]
[WhiteElo "2340"]
[BlackElo "2170"]
[Annotator "NA"]
[PlyCount "94"]
[EventDate "2018.10.07"]
[EventType "swiss"]
[EventCountry "RUS"]
[SourceTitle "playchess.com"]
[Source "ChessBase"]
[SourceQuality "1"]
[TimeControl "180+2"]

1. Nf3 {[%emt 0:00:00]} g6 {[%emt 0:00:00]} 2. d4 {[%emt 0:00:03]} Bg7 {[%emt 0:00:01]} 3. c4 {[%emt 0:00:01]} Nf6 4. g3 c5 {[%emt 0:00:04]} 5. Bg2 {[%emt 0:00:02]} O-O {[%emt 0:00:05]} 6. Nc3 {[%emt 0:00:01]} d5 {[%emt 0:00:20]} 7. dxc5 {[%emt 0:00:18]} dxc4 {[%emt 0:00:02]} 8. O-O {[%emt 0:00:02]} Na6 {[%emt 0:00:02]} 9. c6 {[%emt 0:00:18]} bxc6 {[%emt 0:00:08]} 10. Ne5 {[%emt 0:00:00]} Bb7 {[%emt 0:00:14]} 11. Nxc6 {[%emt 0:00:17]} Qc7 {[%emt 0:00:47]} 12. Bf4 {[%emt 0:00:02]} Qb6 {[%emt 0:00:23]} 13. Nxe7+ {[%emt 0:00:26]} Kh8 {[%emt 0:00:01]} 14. Ned5 {[%emt 0:00:01]} Nxd5 {[%emt 0:00:08]} 15. Nxd5 {[%emt 0:00:01]} Bxd5 {[%emt 0:00:04]} 16. Qxd5 {[%emt 0:00:07]} Rac8 {[%emt 0:00:20]} 17. Be5 {[%emt 0:00:09]} Nb4 {[%emt 0:00:14]} 18. Bxg7+ {[%emt 0:00:13]} Kxg7 19. Qe5+ Kg8 {[%emt 0:00:03]} 20. Qc3 {[%emt 0:00:16]} Rfe8 {[%emt 0:00:01]} 21. Bf3 {[%emt 0:00:13]} Nc6 {[%emt 0:00:18]} 22. Rfd1 {[%emt 0:00:06]} Ne5 {[%emt 0:00:05]} 23. Bg2 {[%emt 0:00:01]} Ng4 {[%emt 0:00:06]} 24. e3 {[%emt 0:00:11]} Nxe3 {[%emt 0:00:12]} 25. fxe3 {[%emt 0:00:13]} Rxe3 {[%emt 0:00:01]} 26. Qd4 {[%emt 0:00:00]} Re1+ 27. Kf2 Qxd4+ {[%emt 0:00:03]} 28. Rxd4 {[%emt 0:00:04]} Rxa1 {[%emt 0:00:01]} 29. Rd7 {[%emt 0:00:02]} Rxa2 {[%emt 0:00:01]} 30. Rb7 {[%emt 0:00:01]} Rd8 {[%emt 0:00:02]} 31. Ke3 {[%emt 0:00:02]} Rd3+ {[%emt 0:00:01]} 32. Kf4 {[%emt 0:00:09]} Rb3 {[%emt 0:00:01]} 33. Rc7 {[%emt 0:00:01]} Rbxb2 {[%emt 0:00:01]} 34. Bd5 {[%emt 0:00:01]} Rf2+ {[%emt 0:00:01]} 35. Ke5 {[%emt 0:00:02]} Rae2+ {[%emt 0:00:02]} 36. Kd6 {[%emt 0:00:01]} Rd2 {[%emt 0:00:04]} 37. Rxc4 {[%emt 0:00:28]} Rf5 {[%emt 0:00:02]} 38. Rc5 {[%emt 0:00:01]} Rfxd5+ {[%emt 0:00:03]} 39. Rxd5 {[%emt 0:00:00]} Rxd5+ {[%emt 0:00:01]} 40. Kxd5 {[%emt 0:00:01]} Kg7 {[%emt 0:00:01]} 41. Kc6 {[%emt 0:00:01]} Kf6 42. Kb7 Kg5 {[%emt 0:00:03]} 43. Kxa7 {[%emt 0:00:01]} Kg4 {[%emt 0:00:01]} 44. Kb6 {[%emt 0:00:04]} Kh3 {[%emt 0:00:01]} 45. Kc5 {[%emt 0:00:01]} Kxh2 {[%emt 0:00:02]} 46. g4 {[%emt 0:00:01]} Kg3 {[%emt 0:00:01]} 47. g5 {[%emt 0:00:01]} Kg4 {[%emt 0:00:01]} 0-1

[Event "RUS-ch Blitz Women 2018"]
[Site "Sochi"]
[Date "2018.10.07"]
[Round "4"]
[White "Protopopova, Anastasiya"]
[Black "Baraeva, Irina"]
[Result "1-0"]
[WhiteElo "2308"]
[BlackElo "2221"]
[Annotator "NA"]
[PlyCount "69"]
[EventDate "2018.10.07"]
[EventType "swiss"]
[EventCountry "RUS"]
[SourceTitle "playchess.com"]
[Source "ChessBase"]
[SourceQuality "1"]
[TimeControl "180+2"]

1. d4 {[%emt 0:00:01]} d5 {[%emt 0:00:00]} 2. Nf3 {[%emt 0:00:02]} Nf6 {[%emt 0:00:00]} 3. c4 c6 4. e3 {[%emt 0:00:10]} Bg4 {[%emt 0:00:05]} 5. Nc3 {[%emt 0:00:03]} e6 {[%emt 0:00:02]} 6. h3 {[%emt 0:00:01]} Bh5 {[%emt 0:00:09]} 7. Qb3 {[%emt 0:00:02]} Qc7 {[%emt 0:00:19]} 8. Ne5 {[%emt 0:00:13]} Nbd7 {[%emt 0:00:06]} 9. g4 {[%emt 0:00:06]} Bg6 {[%emt 0:00:01]} 10. Nxg6 {[%emt 0:00:02]} hxg6 {[%emt 0:00:01]} 11. Bg2 {[%emt 0:00:04]} Be7 {[%emt 0:00:14]} 12. Bd2 {[%emt 0:00:01]} a5 {[%emt 0:00:29]} 13. Rc1 {[%emt 0:00:09]} dxc4 {[%emt 0:00:07]} 14. Qxc4 {[%emt 0:00:03]} Nb6 {[%emt 0:00:03]} 15. Qe2 {[%emt 0:00:11]} Rd8 {[%emt 0:00:15]} 16. Nb5 {[%emt 0:00:12]} Qb8 {[%emt 0:00:32]} 17. Bxa5 {[%emt 0:00:10]} Nbd5 {[%emt 0:00:18]} 18. Bxd8 {[%emt 0:00:20]} Qxd8 {[%emt 0:00:04]} 19. Nc3 {[%emt 0:00:03]} Bb4 {[%emt 0:00:03]} 20. O-O {[%emt 0:00:05]} Qb8 {[%emt 0:00:10]} 21. f4 {[%emt 0:00:13]} Bd6 {[%emt 0:00:21]} 22. Nxd5 {[%emt 0:00:13]} Nxd5 {[%emt 0:00:08]} 23. Qf3 {[%emt 0:00:26]} Bb4 {[%emt 0:00:08]} 24. Rc2 {[%emt 0:00:04]} Qa7 {[%emt 0:00:03]} 25. a3 {[%emt 0:00:04]} Bd6 {[%emt 0:00:01]} 26. f5 {[%emt 0:00:16]} gxf5 {[%emt 0:00:05]} 27. gxf5 {[%emt 0:00:02]} f6 {[%emt 0:00:03]} 28. fxe6 {[%emt 0:00:03]} Qa4 {[%emt 0:00:04]} 29. Re2 {[%emt 0:00:12]} Qb3 {[%emt 0:00:01]} 30. Qe4 {[%emt 0:00:06]} Ke7 {[%emt 0:00:01]} 31. Qg6 {[%emt 0:00:06]} Kxe6 {[%emt 0:00:02]} 32. Qxg7 {[%emt 0:00:07]} Rf8 {[%emt 0:00:02]} 33. Qg4+ Ke7 34. e4 {[%emt 0:00:11]} Ne3 {[%emt 0:00:04]} 35. Qf3 {[%emt 0:00:05]} 1-0

[Event "RUS-ch Blitz Women 2018"]
[Site "Sochi"]
[Date "2018.10.07"]
[Round "4"]
[White "Solozhenkina, Elizaveta"]
[Black "Voit, Daria"]
[Result "1-0"]
[WhiteElo "2276"]
[BlackElo "2352"]
[Annotator "NA"]
[PlyCount "73"]
[EventDate "2018.10.07"]
[EventType "swiss"]
[EventCountry "RUS"]
[SourceTitle "playchess.com"]
[Source "ChessBase"]
[SourceQuality "1"]
[TimeControl "180+2"]

1. e4 {[%emt 0:00:00]} c5 {[%emt 0:00:00]} 2. Nf3 {[%emt 0:00:00]} d6 {[%emt 0:00:00]} 3. d4 {[%emt 0:00:00]} cxd4 {[%emt 0:00:01]} 4. Nxd4 {[%emt 0:00:01]} Nf6 {[%emt 0:00:01]} 5. f3 {[%emt 0:00:01]} e6 {[%emt 0:00:14]} 6. c4 {[%emt 0:00:01]} Be7 {[%emt 0:00:02]} 7. Nc3 {[%emt 0:00:01]} O-O {[%emt 0:00:03]} 8. Be2 {[%emt 0:00:02]} a6 {[%emt 0:00:03]} 9. O-O {[%emt 0:00:04]} Qc7 {[%emt 0:00:03]} 10. Be3 {[%emt 0:00:02]} b6 {[%emt 0:00:03]} 11. Qd2 {[%emt 0:00:02]} Nbd7 {[%emt 0:00:03]} 12. a3 {[%emt 0:00:02]} Bb7 {[%emt 0:00:01]} 13. b4 {[%emt 0:00:01]} Rac8 {[%emt 0:00:03]} 14. Rac1 {[%emt 0:00:04]} Qb8 {[%emt 0:00:01]} 15. Nb3 {[%emt 0:00:20]} Bd8 {[%emt 0:00:09]} 16. Rfd1 {[%emt 0:00:15]} Bc7 {[%emt 0:00:01]} 17. Bf4 {[%emt 0:00:00]} Ne5 {[%emt 0:00:08]} 18. Kh1 {[%emt 0:00:14]} Rfd8 {[%emt 0:00:02]} 19. Qb2 {[%emt 0:00:41]} Qa8 {[%emt 0:00:35]} 20. Bf1 {[%emt 0:00:23]} h6 {[%emt 0:00:30]} 21. Bg3 {[%emt 0:00:19]} Nh5 {[%emt 0:00:05]} 22. Bxe5 {[%emt 0:00:13]} dxe5 {[%emt 0:00:01]} 23. c5 {[%emt 0:00:01]} Rxd1 {[%emt 0:00:13]} 24. Rxd1 {[%emt 0:00:02]} Rd8 {[%emt 0:00:01]} 25. Qc2 {[%emt 0:00:16]} Nf6 {[%emt 0:00:06]} 26. Na4 {[%emt 0:00:16]} Nd7 {[%emt 0:00:38]} 27. cxb6 {[%emt 0:00:11]} Nxb6 {[%emt 0:00:04]} 28. Nac5 {[%emt 0:00:01]} Bd6 {[%emt 0:00:25]} 29. a4 {[%emt 0:00:09]} Bxc5 {[%emt 0:00:07]} 30. Nxc5 {[%emt 0:00:01]} Rxd1 {[%emt 0:00:05]} 31. Qxd1 {[%emt 0:00:01]} Bc6 {[%emt 0:00:03]} 32. a5 {[%emt 0:00:02]} Nd7 {[%emt 0:00:07]} 33. Nxd7 {[%emt 0:00:02]} Qd8 {[%emt 0:00:00]} 34. Bxa6 {[%emt 0:00:07]} Qxd7 {[%emt 0:00:06]} 35. Qxd7 {[%emt 0:00:02]} Bxd7 {[%emt 0:00:01]} 36. b5 {[%emt 0:00:04]} Kf8 {[%emt 0:00:01]} 37. b6 {[%emt 0:00:01]} 1-0

[Event "RUS-ch Blitz Women 2018"]
[Site "Sochi"]
[Date "2018.10.07"]
[Round "4"]
[White "Maletina, Tatiana"]
[Black "Lysenko, Margarita"]
[Result "1-0"]
[WhiteElo "2270"]
[BlackElo "2210"]
[Annotator "NA"]
[PlyCount "85"]
[EventDate "2018.10.07"]
[EventType "swiss"]
[EventCountry "RUS"]
[SourceTitle "playchess.com"]
[Source "ChessBase"]
[SourceQuality "1"]
[TimeControl "180+2"]

1. d4 {[%emt 0:00:00]} Nf6 {[%emt 0:00:00]} 2. c4 {[%emt 0:00:04]} g6 {[%emt 0:00:00]} 3. f3 {[%emt 0:00:01]} c5 {[%emt 0:00:24]} 4. d5 {[%emt 0:00:01]} Bg7 {[%emt 0:00:02]} 5. e4 {[%emt 0:00:01]} d6 {[%emt 0:00:06]} 6. Nc3 {[%emt 0:00:01]} O-O {[%emt 0:00:04]} 7. Be3 {[%emt 0:00:01]} e6 {[%emt 0:00:04]} 8. Qd2 {[%emt 0:00:03]} exd5 {[%emt 0:00:05]} 9. cxd5 {[%emt 0:00:02]} a6 {[%emt 0:00:02]} 10. a4 {[%emt 0:00:01]} Re8 {[%emt 0:00:07]} 11. Nge2 {[%emt 0:00:01]} Nbd7 {[%emt 0:00:05]} 12. Ng3 {[%emt 0:00:01]} Ne5 {[%emt 0:00:03]} 13. Be2 {[%emt 0:00:02]} h5 {[%emt 0:00:06]} 14. O-O {[%emt 0:00:01]} Bd7 {[%emt 0:00:23]} 15. h3 {[%emt 0:00:02]} c4 {[%emt 0:00:27]} 16. f4 {[%emt 0:00:09]} Nd3 {[%emt 0:00:01]} 17. Bxd3 {[%emt 0:00:01]} cxd3 {[%emt 0:00:01]} 18. Qxd3 {[%emt 0:00:01]} b5 {[%emt 0:00:24]} 19. Bd4 {[%emt 0:00:28]} bxa4 {[%emt 0:00:17]} 20. e5 {[%emt 0:00:04]} Nh7 {[%emt 0:00:07]} 21. exd6 {[%emt 0:00:48]} Rb8 {[%emt 0:00:11]} 22. Rf2 {[%emt 0:00:19]} Bxd4 {[%emt 0:00:09]} 23. Qxd4 {[%emt 0:00:01]} Qb6 {[%emt 0:00:01]} 24. Qxb6 {[%emt 0:00:11]} Rxb6 {[%emt 0:00:02]} 25. Nge4 {[%emt 0:00:02]} f5 {[%emt 0:00:05]} 26. Nc5 {[%emt 0:00:03]} Rxd6 {[%emt 0:00:02]} 27. N5xa4 {[%emt 0:00:09]} Nf6 {[%emt 0:00:22]} 28. Nc5 {[%emt 0:00:13]} Rb8 {[%emt 0:00:07]} 29. Rxa6 {[%emt 0:00:07]} Rxa6 {[%emt 0:00:05]} 30. Nxa6 {[%emt 0:00:01]} Rc8 {[%emt 0:00:03]} 31. Nb4 {[%emt 0:00:04]} Rc4 {[%emt 0:00:02]} 32. Nd3 {[%emt 0:00:03]} Rd4 {[%emt 0:00:04]} 33. Ne5 {[%emt 0:00:02]} Be8 {[%emt 0:00:01]} 34. Nf3 {[%emt 0:00:13]} Rb4 {[%emt 0:00:02]} 35. d6 {[%emt 0:00:03]} Rb8 {[%emt 0:00:03]} 36. Ne5 {[%emt 0:00:01]} Rd8 {[%emt 0:00:02]} 37. Rd2 {[%emt 0:00:01]} Bd7 {[%emt 0:00:02]} 38. b4 {[%emt 0:00:04]} Be8 {[%emt 0:00:02]} 39. b5 {[%emt 0:00:01]} Rb8 {[%emt 0:00:01]} 40. d7 {[%emt 0:00:02]} Bxd7 {[%emt 0:00:02]} 41. Nxd7 {[%emt 0:00:01]} Nxd7 {[%emt 0:00:02]} 42. Rxd7 {[%emt 0:00:01]} Rc8 {[%emt 0:00:01]} 43. b6 {[%emt 0:00:04]} 1-0

[Event "RUS-ch Blitz Women 2018"]
[Site "Sochi"]
[Date "2018.10.07"]
[Round "4"]
[White "Styazhkina, Anna"]
[Black "Bodnaruk, Anastasia"]
[Result "1-0"]
[WhiteElo "2268"]
[BlackElo "2423"]
[Annotator "NA"]
[PlyCount "177"]
[EventDate "2018.10.07"]
[EventType "swiss"]
[EventCountry "RUS"]
[SourceTitle "playchess.com"]
[Source "ChessBase"]
[SourceQuality "1"]
[TimeControl "180+2"]

1. e4 {[%emt 0:00:00]} c5 {[%emt 0:00:00]} 2. Nf3 {[%emt 0:00:01]} d6 {[%emt 0:00:00]} 3. d4 {[%emt 0:00:00]} cxd4 {[%emt 0:00:00]} 4. Qxd4 {[%emt 0:00:02]} Nf6 {[%emt 0:00:08]} 5. c4 {[%emt 0:00:04]} Nc6 {[%emt 0:00:02]} 6. Qe3 {[%emt 0:00:02]} g6 {[%emt 0:00:05]} 7. Be2 {[%emt 0:00:05]} Bg7 {[%emt 0:00:01]} 8. h3 {[%emt 0:00:06]} O-O {[%emt 0:00:07]} 9. O-O {[%emt 0:00:02]} Ne8 {[%emt 0:00:20]} 10. Rd1 {[%emt 0:00:08]} Qa5 {[%emt 0:00:09]} 11. Nc3 {[%emt 0:00:09]} Nc7 {[%emt 0:00:11]} 12. Nd5 {[%emt 0:00:24]} Nxd5 {[%emt 0:00:09]} 13. exd5 {[%emt 0:00:01]} Ne5 {[%emt 0:00:04]} 14. Nd4 {[%emt 0:00:20]} Qb6 {[%emt 0:00:03]} 15. b3 {[%emt 0:00:22]} e6 {[%emt 0:00:14]} 16. dxe6 {[%emt 0:00:11]} fxe6 {[%emt 0:00:05]} 17. Bb2 {[%emt 0:00:05]} Bd7 {[%emt 0:00:16]} 18. Rab1 {[%emt 0:00:37]} Rad8 {[%emt 0:00:05]} 19. Ba3 {[%emt 0:00:12]} Bc8 {[%emt 0:00:23]} 20. Nc2 {[%emt 0:00:11]} Qxe3 {[%emt 0:00:16]} 21. Nxe3 {[%emt 0:00:04]} Nf7 {[%emt 0:00:01]} 22. Rd3 {[%emt 0:00:23]} Bf6 {[%emt 0:00:23]} 23. Rbd1 {[%emt 0:00:02]} Be7 {[%emt 0:00:01]} 24. Nc2 {[%emt 0:00:06]} h5 {[%emt 0:00:04]} 25. Nd4 {[%emt 0:00:03]} Ne5 {[%emt 0:00:08]} 26. R3d2 {[%emt 0:00:05]} a6 {[%emt 0:00:03]} 27. g3 {[%emt 0:00:04]} Nf7 {[%emt 0:00:10]} 28. Nc2 {[%emt 0:00:02]} Ne5 {[%emt 0:00:06]} 29. f4 {[%emt 0:00:03]} Nf7 {[%emt 0:00:01]} 30. Ne3 {[%emt 0:00:01]} Rfe8 {[%emt 0:00:05]} 31. Kg2 {[%emt 0:00:01]} Bd7 {[%emt 0:00:02]} 32. Bf3 {[%emt 0:00:02]} Bc6 {[%emt 0:00:01]} 33. Re1 {[%emt 0:00:01]} Bf6 {[%emt 0:00:06]} 34. Nc2 {[%emt 0:00:02]} e5 {[%emt 0:00:02]} 35. fxe5 {[%emt 0:00:03]} Bxf3+ {[%emt 0:00:03]} 36. Kxf3 {[%emt 0:00:02]} Nxe5+ {[%emt 0:00:01]} 37. Kg2 {[%emt 0:00:02]} Nf7 {[%emt 0:00:03]} 38. Rxe8+ {[%emt 0:00:02]} Rxe8 {[%emt 0:00:00]} 39. Kf2 {[%emt 0:00:02]} Re6 {[%emt 0:00:03]} 40. Ne3 {[%emt 0:00:02]} Bg5 {[%emt 0:00:02]} 41. Re2 {[%emt 0:00:02]} Ne5 {[%emt 0:00:00]} 42. Nd5 {[%emt 0:00:03]} Nd3+ {[%emt 0:00:05]} 43. Kf1 {[%emt 0:00:01]} Kf7 {[%emt 0:00:08]} 44. Nc7 {[%emt 0:00:02]} Rf6+ {[%emt 0:00:04]} 45. Kg2 {[%emt 0:00:01]} Nc5 {[%emt 0:00:02]} 46. Nd5 {[%emt 0:00:02]} Re6 {[%emt 0:00:01]} 47. Rf2+ {[%emt 0:00:01]} Kg8 {[%emt 0:00:01]} 48. h4 {[%emt 0:00:02]} Bh6 {[%emt 0:00:02]} 49. Bxc5 {[%emt 0:00:03]} dxc5 {[%emt 0:00:01]} 50. Nf6+ {[%emt 0:00:03]} Kg7 {[%emt 0:00:02]} 51. Nd5 {[%emt 0:00:02]} Kg8 {[%emt 0:00:06]} 52. Nf6+ {[%emt 0:00:03]} Kg7 {[%emt 0:00:01]} 53. Nd5 {[%emt 0:00:01]} Kg8 {[%emt 0:00:00]} 54. Kh3 {[%emt 0:00:01]} Bg7 {[%emt 0:00:01]} 55. g4 {[%emt 0:00:02]} hxg4+ {[%emt 0:00:04]} 56. Kxg4 Bd4 57. Rg2 {[%emt 0:00:04]} Kh7 {[%emt 0:00:04]} 58. Kg5 {[%emt 0:00:05]} Re5+ {[%emt 0:00:03]} 59. Kg4 {[%emt 0:00:01]} Re1 {[%emt 0:00:00]} 60. h5 {[%emt 0:00:01]} gxh5+ {[%emt 0:00:05]} 61. Kxh5 {[%emt 0:00:02]} b5 {[%emt 0:00:02]} 62. Kg5 {[%emt 0:00:04]} bxc4 {[%emt 0:00:03]} 63. bxc4 {[%emt 0:00:01]} Rc1 {[%emt 0:00:00]} 64. Nb6 {[%emt 0:00:01]} Rb1 {[%emt 0:00:04]} 65. Nd5 {[%emt 0:00:02]} Rc1 {[%emt 0:00:01]} 66. Nb6 {[%emt 0:00:01]} Rf1 {[%emt 0:00:02]} 67. Re2 {[%emt 0:00:02]} Rf7 {[%emt 0:00:03]} 68. Nd5 Rb7 {[%emt 0:00:02]} 69. Re6 {[%emt 0:00:04]} a5 {[%emt 0:00:03]} 70. Ra6 {[%emt 0:00:02]} Rb2 {[%emt 0:00:02]} 71. Rxa5 {[%emt 0:00:01]} Rg2+ {[%emt 0:00:00]} 72. Kf5 {[%emt 0:00:02]} Kg7 {[%emt 0:00:04]} 73. Nc7 {[%emt 0:00:03]} Rf2+ {[%emt 0:00:01]} 74. Ke4 {[%emt 0:00:01]} Kh6 {[%emt 0:00:01]} 75. Ne6 {[%emt 0:00:03]} Re2+ {[%emt 0:00:01]} 76. Kd5 {[%emt 0:00:05]} Rd2 {[%emt 0:00:05]} 77. Kc6 {[%emt 0:00:02]} Rc2 {[%emt 0:00:02]} 78. Nxc5 {[%emt 0:00:02]} Rxc4 {[%emt 0:00:01]} 79. Kd5 {[%emt 0:00:01]} Rb4 {[%emt 0:00:02]} 80. Ne6 {[%emt 0:00:02]} Bf2 {[%emt 0:00:02]} 81. a3 {[%emt 0:00:01]} Rb1 {[%emt 0:00:01]} 82. Nf4 {[%emt 0:00:02]} Be3 {[%emt 0:00:04]} 83. Nd3 {[%emt 0:00:02]} Ra1 {[%emt 0:00:01]} 84. a4 {[%emt 0:00:01]} Kg5 {[%emt 0:00:01]} 85. Ra8 {[%emt 0:00:02]} Bd2 {[%emt 0:00:02]} 86. Nc5 {[%emt 0:00:02]} Kf4 {[%emt 0:00:02]} 87. Re8 {[%emt 0:00:02]} Bb4 {[%emt 0:00:02]} 88. Re4+ {[%emt 0:00:01]} Kf5 {[%emt 0:00:01]} 89. Rxb4 {[%emt 0:00:02]} 1-0

[Event "RUS-ch Blitz Women 2018"]
[Site "Sochi"]
[Date "2018.10.07"]
[Round "4"]
[White "Markelova, Lubov"]
[Black "Sukhareva, Evgeniya"]
[Result "1-0"]
[WhiteElo "2190"]
[BlackElo "2125"]
[Annotator "NA"]
[PlyCount "69"]
[EventDate "2018.10.07"]
[EventType "swiss"]
[EventCountry "RUS"]
[SourceTitle "playchess.com"]
[Source "ChessBase"]
[SourceQuality "1"]
[TimeControl "180+2"]

1. Nf3 {[%emt 0:00:00]} Nf6 {[%emt 0:00:00]} 2. c4 {[%emt 0:00:00]} g6 {[%emt 0:00:00]} 3. Nc3 {[%emt 0:00:00]} Bg7 {[%emt 0:00:01]} 4. e4 {[%emt 0:00:01]} c5 {[%emt 0:00:01]} 5. d4 {[%emt 0:00:02]} cxd4 {[%emt 0:00:02]} 6. Nxd4 {[%emt 0:00:01]} d6 {[%emt 0:00:02]} 7. Be2 {[%emt 0:00:01]} O-O {[%emt 0:00:02]} 8. Be3 {[%emt 0:00:01]} b6 {[%emt 0:00:02]} 9. O-O {[%emt 0:00:04]} Bb7 {[%emt 0:00:01]} 10. f3 {[%emt 0:00:01]} Nbd7 {[%emt 0:00:01]} 11. Qd2 {[%emt 0:00:04]} Rc8 {[%emt 0:00:01]} 12. Rac1 {[%emt 0:00:02]} a6 {[%emt 0:00:04]} 13. Rfd1 {[%emt 0:00:03]} Re8 {[%emt 0:00:04]} 14. Bf1 {[%emt 0:00:02]} Bf8 {[%emt 0:00:10]} 15. b4 {[%emt 0:00:10]} e6 {[%emt 0:00:02]} 16. Qf2 {[%emt 0:00:07]} Qc7 {[%emt 0:00:01]} 17. Nb3 {[%emt 0:00:06]} Be7 {[%emt 0:00:10]} 18. Na4 {[%emt 0:00:20]} Bd8 {[%emt 0:00:02]} 19. Kh1 {[%emt 0:00:04]} Ba8 {[%emt 0:00:09]} 20. c5 {[%emt 0:00:14]} dxc5 {[%emt 0:00:10]} 21. Bxa6 {[%emt 0:00:12]} Rb8 {[%emt 0:00:01]} 22. bxc5 {[%emt 0:00:07]} b5 {[%emt 0:00:15]} 23. Nb6 {[%emt 0:00:29]} Bc6 {[%emt 0:00:05]} 24. Na5 {[%emt 0:00:10]} Ra8 {[%emt 0:01:37]} 25. Nxc6 {[%emt 0:00:16]} Rxa6 {[%emt 0:00:33]} 26. Nxd8 {[%emt 0:00:03]} Rxd8 {[%emt 0:00:03]} 27. Qb2 {[%emt 0:00:14]} Ra5 {[%emt 0:00:06]} 28. Nxd7 {[%emt 0:00:14]} Nxd7 {[%emt 0:00:03]} 29. c6 {[%emt 0:00:17]} Nf8 {[%emt 0:00:06]} 30. Rxd8 {[%emt 0:00:05]} Qxd8 {[%emt 0:00:01]} 31. c7 {[%emt 0:00:01]} Qc8 {[%emt 0:00:00]} 32. Bh6 {[%emt 0:00:05]} e5 {[%emt 0:00:05]} 33. Qxe5 {[%emt 0:00:02]} Ne6 {[%emt 0:00:01]} 34. Bd2 {[%emt 0:00:14]} Rxa2 {[%emt 0:00:02]} 35. Bc3 {[%emt 0:00:01]} 1-0

[Event "RUS-ch Blitz Women 2018"]
[Site "Sochi"]
[Date "2018.10.07"]
[Round "4"]
[White "Ivanova, Karina"]
[Black "Maltsevskaya, Aleksandra"]
[Result "1-0"]
[WhiteElo "2124"]
[BlackElo "2290"]
[Annotator "NA"]
[PlyCount "131"]
[EventDate "2018.10.07"]
[EventType "swiss"]
[EventCountry "RUS"]
[SourceTitle "playchess.com"]
[Source "ChessBase"]
[SourceQuality "1"]
[TimeControl "180+2"]

1. Nf3 {[%emt 0:00:00]} Nf6 {[%emt 0:00:00]} 2. g3 {[%emt 0:00:01]} g6 {[%emt 0:00:00]} 3. Bg2 {[%emt 0:00:04]} Bg7 {[%emt 0:00:00]} 4. O-O {[%emt 0:00:03]} O-O {[%emt 0:00:02]} 5. c4 {[%emt 0:00:02]} d6 {[%emt 0:00:02]} 6. Nc3 {[%emt 0:00:05]} e5 {[%emt 0:00:00]} 7. d3 {[%emt 0:00:03]} Ne8 {[%emt 0:00:07]} 8. Rb1 {[%emt 0:00:09]} a5 {[%emt 0:00:02]} 9. a3 {[%emt 0:00:04]} f5 {[%emt 0:00:02]} 10. Qc2 {[%emt 0:00:21]} Nc6 {[%emt 0:00:03]} 11. b4 {[%emt 0:00:02]} axb4 {[%emt 0:00:02]} 12. axb4 {[%emt 0:00:02]} Ne7 {[%emt 0:00:01]} 13. b5 {[%emt 0:00:17]} Rb8 {[%emt 0:00:03]} 14. Nd5 {[%emt 0:00:10]} Nxd5 {[%emt 0:00:54]} 15. cxd5 {[%emt 0:00:03]} Nf6 {[%emt 0:00:02]} 16. Qc4 {[%emt 0:00:41]} b6 {[%emt 0:00:02]} 17. Bg5 {[%emt 0:00:11]} Rf7 {[%emt 0:00:07]} 18. Rfc1 {[%emt 0:00:07]} Bb7 {[%emt 0:00:02]} 19. e4 {[%emt 0:00:12]} h6 {[%emt 0:00:08]} 20. Bd2 {[%emt 0:00:07]} fxe4 {[%emt 0:00:25]} 21. dxe4 {[%emt 0:00:02]} Qd7 {[%emt 0:00:05]} 22. Ne1 {[%emt 0:00:20]} Rbf8 {[%emt 0:00:06]} 23. f3 {[%emt 0:00:04]} g5 {[%emt 0:00:12]} 24. h3 {[%emt 0:00:07]} Nh5 {[%emt 0:00:14]} 25. Kh2 {[%emt 0:00:02]} Bc8 {[%emt 0:00:02]} 26. Qc6 {[%emt 0:00:14]} Qd8 {[%emt 0:00:08]} 27. Qc4 {[%emt 0:00:02]} Qf6 {[%emt 0:00:14]} 28. Qe2 {[%emt 0:00:03]} Qg6 {[%emt 0:00:02]} 29. Rb2 {[%emt 0:00:05]} Bf6 {[%emt 0:00:13]} 30. Rbc2 {[%emt 0:00:02]} Bd8 {[%emt 0:00:01]} 31. Qe3 {[%emt 0:00:04]} Kh7 {[%emt 0:00:04]} 32. Qe2 {[%emt 0:00:02]} Rg8 {[%emt 0:00:06]} 33. Qe3 {[%emt 0:00:02]} Nf6 {[%emt 0:00:14]} 34. Rc4 {[%emt 0:00:03]} Nh5 {[%emt 0:00:04]} 35. R4c2 {[%emt 0:00:01]} Nf4 {[%emt 0:00:01]} 36. gxf4 {[%emt 0:00:06]} gxf4 {[%emt 0:00:01]} 37. Qf2 {[%emt 0:00:01]} Qh5 {[%emt 0:00:01]} 38. Rc3 {[%emt 0:00:03]} Rgg7 {[%emt 0:00:02]} 39. R3c2 {[%emt 0:00:01]} Bh4 {[%emt 0:00:01]} 40. Qf1 {[%emt 0:00:02]} Bg3+ {[%emt 0:00:02]} 41. Kh1 {[%emt 0:00:02]} Qh4 {[%emt 0:00:11]} 42. Bb4 {[%emt 0:00:02]} Bd7 {[%emt 0:00:03]} 43. Rd2 {[%emt 0:00:02]} Bxe1 {[%emt 0:00:07]} 44. Qxe1 {[%emt 0:00:02]} Rg3 {[%emt 0:00:00]} 45. Qf1 {[%emt 0:00:04]} Rfg7 {[%emt 0:00:03]} 46. Rcc2 {[%emt 0:00:02]} Bxh3 {[%emt 0:00:02]} 47. Bxh3 {[%emt 0:00:02]} Rxh3+ {[%emt 0:00:04]} 48. Rh2 {[%emt 0:00:02]} Rxh2+ {[%emt 0:00:02]} 49. Rxh2 {[%emt 0:00:01]} Qe7 {[%emt 0:00:01]} 50. Rg2 {[%emt 0:00:03]} Qh4+ {[%emt 0:00:02]} 51. Rh2 {[%emt 0:00:00]} Qe7 {[%emt 0:00:03]} 52. Rg2 {[%emt 0:00:02]} Rg3 {[%emt 0:00:01]} 53. Rxg3 {[%emt 0:00:02]} fxg3 {[%emt 0:00:01]} 54. Qh3 {[%emt 0:00:01]} Qg5 {[%emt 0:00:05]} 55. Qf5+ {[%emt 0:00:01]} Qxf5 {[%emt 0:00:03]} 56. exf5 Kg7 {[%emt 0:00:00]} 57. Bd2 {[%emt 0:00:03]} Kf6 {[%emt 0:00:02]} 58. Bxh6 {[%emt 0:00:01]} Kxf5 {[%emt 0:00:00]} 59. Be3 {[%emt 0:00:01]} e4 {[%emt 0:00:04]} 60. f4 {[%emt 0:00:01]} Kg6 {[%emt 0:00:06]} 61. Kg2 {[%emt 0:00:02]} Kf6 {[%emt 0:00:01]} 62. Kxg3 {[%emt 0:00:01]} Kf5 {[%emt 0:00:01]} 63. Bd4 {[%emt 0:00:02]} e3 {[%emt 0:00:01]} 64. Kf3 {[%emt 0:00:02]} e2 {[%emt 0:00:02]} 65. Bc3 {[%emt 0:00:01]} c6 {[%emt 0:00:05]} 66. bxc6 {[%emt 0:00:02]} 1-0